000 00748nam a22002417a 4500
999 _c33643
_d33643
001 2914
003 CO-MdFUSB
005 20180622073125.0
008 180306s1998 sp ||||| |||| 00| 0 spa d
020 _a84-7645-987-4
040 _aCO-MdFUSB
_bspa
_cCO-MdFUSB
_dCO-MdFUSBC
_erda
041 0 _aspa
082 0 4 _aG 227.1 L9731c
100 1 _aLutero, Martín (1483-1546)
_eautor
245 1 0 _aComentarios de Martín Lutero
_b : Carta del apóstol Pablo a los romanos
_c/ Martín Lutero
264 4 _aTerrassa, Barcelona :
_b CLIE,
_c©1998
300 _a469 Pag.
336 _2rdacontent
_atexto
_btxt
337 _2rdamedia
_asin mediación
_bn
338 _2rdacarrier
_avolumen
_bnc
653 _aBiblia N.T. - Romanos - Comentarios
942 _cBK